000 00655nam a22002057a 4500
003 OSt
005 20140310181734.0
008 130319t xxu||||| |||| 00| 0 eng d
020 _a0385267622
050 _aBF 721
_b.M647 1990
082 _aTR 150.19
_bM61 1990
245 _aBanished knowledge :
_bFacing childhood injuries /
_cAlice Miller ; translated from the German by Leila Vennewitz
260 _aNew York :
_bAnchor Books,
_cc1990.
300 _a212 p. :
_c 22 cm.
520 _a1. Child psychology. 2. Parent and child. 3. Repression (Psychology).
521 _aFaculty
541 _j1
562 _e1
942 _2lcc
_cBK-TR
_kTR
999 _c2520
_d2520